Diseño y propuesta de implementación de un sistema de medición para evaluar la calidad de la voz en redes IP
সংরক্ষণ করুন:
| প্রধান লেখক: | |
|---|---|
| অন্যান্য লেখক: | , , , , |
| বিন্যাস: | গ্রন্থ |
| ভাষা: | Spanish |
| প্রকাশিত: |
[San José, Costa Rica]
2010
|
| বিষয়গুলি: | |
| ট্যাগগুলো: |
ট্যাগ যুক্ত করুন
কোনো ট্যাগ নেই, প্রথমজন হিসাবে ট্যাগ করুন!
|
MARC
| LEADER | 00000nam a2200000Ia 4500 | ||
|---|---|---|---|
| 003 | 010479 | ||
| 005 | 20221231144028.0 | ||
| 008 | 140114s2010 cr 000 | spa d | ||
| 040 | |c cru CEDI | ||
| 090 | |a TFG 6362 | ||
| 100 | |a Briones Cambronero, Fabian |9 2594 | ||
| 245 | |a Diseño y propuesta de implementación de un sistema de medición para evaluar la calidad de la voz en redes IP | ||
| 260 | |c 2010 |b [San José, Costa Rica] | ||
| 500 | |a Seminario de graduación (licenciatura en ingeniería eléctrica)--Universidad de Costa Rica. Facultad de Ingeniería. Escuela de Ingeniería Eléctrica | ||
| 650 | |x TELEFONIA POR INTERNET |x SISTEMAS DE PROCESAMIENTO DE LA VOZ |x EVALUACION |x METODOLOGIA |x CALIDAD DEL SERVICIO |x TCP/IP (PROTOCOLO DE REDES DE COMPUTADORAS) |x TELECOMUNICACIONES |9 2600 | ||
| 700 | |9 2595 |a Chaves Vásquez, Arturo Jesús | ||
| 700 | |9 2596 |a Rivera Alfaro, Jorge Enrique | ||
| 700 | |9 2597 |a Rodríguez Aguilar, Luis Fernando | ||
| 700 | |9 2598 |a Rodríguez Obando, Guillermo | ||
| 700 | |9 2599 |a Vargas Ramírez, Alonso | ||
| 942 | |c TFG | ||
| 999 | |c 15843 |d 15843 | ||
